[Event "Guillermo Garcia Memorial op"]
[Site "Santa Clara"]
[Date "2022.05.06"]
[Round "6"]
[White "Perez Rodriguez, Cesar Alejandro"]
[Black "Moreno del Pozo, Orlando"]
[Result "1-0"]
[WhiteElo "2343"]
[BlackElo "2128"]
[PlyCount "63"]
[EventDate "2022.04.30"]
[EventType "swiss"]
[EventRounds "9"]
[EventCountry "CUB"]
[SourceTitle "CBM 208 Extra"]
[Source "ChessBase"]
[SourceDate "2022.07.31"]
[SourceVersion "1"]
[SourceVersionDate "2022.07.31"]
[SourceQuality "1"]

1. e4 d6 2. d4 g6 3. Nc3 Bg7 4. f4 e6 5. Nf3 a6 6. Bd3 Ne7 7. Be3 Nd7 8. Qd2 c5 9. 0-0-0 b5 10. dxc5 dxc5 11. e5 Qa5 12. Kb1 Nf5 13. Bxf5 gxf5 14. g4 b4 15. Nd5 Bb7 16. Nf6+ Nxf6 17. exf6 Bd5 18. Qxd5 exd5 19. fxg7 Rg8 20. Rxd5 Rxg7 21. Bxc5 f6 22. Re1+ Kf7 23. Re7+ Kg8 24. Rxg7+ Kxg7 25. Bf8+ Kxf8 26. Rxa5 fxg4 27. Ne1 Re8 28. Nd3 Re2 29. Rh5 Kg7 30. c4 a5 31. b3 h6 32. Rh4 1-0

[Event "Guillermo Garcia Memorial op 28th"]
[Site "Santa Clara"]
[Date "2019.04.26"]
[Round "4"]
[White "Rodriguez Naranjo, Diosbel Manue"]
[Black "Moreno del Pozo, Orlando"]
[Result "1/2-1/2"]
[WhiteElo "1868"]
[BlackElo "2231"]
[PlyCount "70"]
[EventDate "2019.04.23"]
[EventType "swiss"]
[EventRounds "9"]
[EventCountry "CUB"]
[SourceTitle "EXT 2020"]
[Source "ChessBase"]
[SourceDate "2019.10.17"]
[SourceVersion "1"]
[SourceVersionDate "2019.10.17"]
[SourceQuality "1"]

1. d4 f5 2. c4 Nf6 3. Nc3 e6 4. g3 d5 5. Bg2 c6 6. Nf3 Bd6 7. 0-0 Nbd7 8. Qc2 Ne4 9. Nxe4 fxe4 10. Ng5 Qf6 11. Be3 h6 12. Nh3 g5 13. f3 exf3 14. Bxf3 Qg7 15. Bh5+ Kd8 16. Rf7 Qg8 17. Raf1 Be7 18. cxd5 exd5 19. Qf5 Bd6 20. Qe6 Kc7 21. Bg4 Qe8 22. R1f6 Qxe6 23. Bxe6 Re8 24. Rxh6 Bf8 25. Bxd7 Bxd7 26. Rhh7 Rxe3 27. Rxd7+ Kb6 28. Rxb7+ Ka6 29. Kf2 Re4 30. Nxg5 Ree8 31. Nf3 c5 32. e3 cxd4 33. exd4 Bh6 34. Rbd7 Be3+ 35. Kg2 Bc1 1/2-1/2

[Event "Las Tunas 28 de Enero-A"]
[Site "Las Tunas"]
[Date "2019.01.17"]
[Round "2.3"]
[White "Parra Cabrera, Edilmar"]
[Black "Moreno del Pozo, Orlando"]
[Result "1-0"]
[WhiteElo "2237"]
[BlackElo "2220"]
[PlyCount "61"]
[EventDate "2019.01.16"]
[EventType "tourn"]
[EventRounds "10"]
[EventCountry "CUB"]
[SourceTitle "EXT 2023"]
[Source "ChessBase"]
[SourceDate "2022.10.05"]
[SourceVersion "1"]
[SourceVersionDate "2022.10.05"]
[SourceQuality "1"]

1. e4 e6 2. d4 d5 3. Nd2 Be7 4. Ngf3 Nf6 5. e5 Nfd7 6. Bd3 c5 7. c3 Nc6 8. 0-0 Qb6 9. dxc5 Nxc5 10. Bc2 Nd7 11. Qe2 g5 12. Nb3 g4 13. Nfd4 Ncxe5 14. Bh6 Bf6 15. Rae1 a6 16. Kh1 Rg8 17. a4 Nc4 18. a5 Qd6 19. Nf5 Qe5 20. Qd1 Nxb2 21. Qb1 Qxc3 22. Nd6+ Ke7 23. Bd2 Qc6 24. Bb4 Bc3 25. Nxc8+ Kd8 26. Ne7 Bxb4 27. Nxc6+ bxc6 28. Qxb2 Bxe1 29. Rxe1 h5 30. Qa3 Rb8 31. Qd6 1-0

[Event "Bayamo Cespedes Memorial-D"]
[Site "Bayamo"]
[Date "2017.03.07"]
[Round "10.2"]
[White "Rodriguez Turino, Ladislao"]
[Black "Moreno del Pozo, Orlando"]
[Result "1/2-1/2"]
[WhiteElo "2229"]
[BlackElo "2232"]
[PlyCount "52"]
[EventDate "2017.03.01"]
[EventType "tourn"]
[EventRounds "10"]
[EventCountry "CUB"]
[SourceTitle "EXT 2023"]
[Source "ChessBase"]
[SourceDate "2022.10.05"]
[SourceVersion "1"]
[SourceVersionDate "2022.10.05"]
[SourceQuality "1"]

1. e4 g6 2. d4 Bg7 3. Nc3 d6 4. Nf3 a6 5. a4 Nc6 6. Be3 Nf6 7. h3 0-0 8. Be2 e5 9. 0-0 h6 10. Qd2 Kh7 11. Rad1 Qe7 12. Rfe1 exd4 13. Nxd4 Nxe4 14. Nxe4 Nxd4 15. Bxd4 Qxe4 16. Bxg7 Kxg7 17. Bf3 Qh4 18. Qc3+ Qf6 19. Qxc7 Qxb2 20. Re7 Bf5 21. Bd5 Qf6 22. Bxb7 Rae8 23. Rxe8 Rxe8 24. Bxa6 Re7 25. Qc6 Be4 26. Qc8 Bf5 1/2-1/2

[Event "Bayamo Cespedes Memorial-D"]
[Site "Bayamo"]
[Date "2017.03.06"]
[Round "8.3"]
[White "Lavigne Lopez, Raul Leonardo"]
[Black "Moreno del Pozo, Orlando"]
[Result "0-1"]
[WhiteElo "2177"]
[BlackElo "2232"]
[PlyCount "124"]
[EventDate "2017.03.01"]
[EventType "tourn"]
[EventRounds "10"]
[EventCountry "CUB"]
[SourceTitle "EXT 2023"]
[Source "ChessBase"]
[SourceDate "2022.10.05"]
[SourceVersion "1"]
[SourceVersionDate "2022.10.05"]
[SourceQuality "1"]

1. e4 e5 2. Nf3 Nc6 3. Bb5 a6 4. Ba4 Nf6 5. 0-0 Be7 6. Re1 b5 7. Bb3 d6 8. c3 0-0 9. h3 Na5 10. Bc2 c5 11. d4 Nd7 12. Nbd2 exd4 13. cxd4 Nc6 14. Nf1 cxd4 15. Nxd4 Nxd4 16. Qxd4 Ne5 17. Ne3 Bxh3 18. Nd5 Bf6 19. Qe3 Be6 20. Nxf6+ Qxf6 21. f4 Ng4 22. Qg3 Qd4+ 23. Kh1 Rac8 24. f5 Bxf5 25. exf5 Rxc2 26. Be3 Nxe3 27. Qxe3 Qxe3 28. Rxe3 Rfc8 29. b4 Rc1+ 30. Rxc1 Rxc1+ 31. Kh2 Kf8 32. Kg3 Rc4 33. Ra3 Rxb4 34. Rxa6 Ke7 35. Kf3 h5 36. g3 h4 37. gxh4 Rxh4 38. Ke3 Rb4 39. Kf3 Kf6 40. Rxd6+ Kxf5 41. Rd5+ Kg6 42. Kg3 f5 43. a3 Ra4 44. Rxb5 Rxa3+ 45. Kf4 Ra4+ 46. Kf3 Kg5 47. Rb3 g6 48. Rc3 Rh4 49. Kg3 f4+ 50. Kg2 Kg4 51. Rb3 g5 52. Ra3 Rh8 53. Rb3 Re8 54. Rc3 Re2+ 55. Kf1 Ra2 56. Rb3 f3 57. Rb5 Kf4 58. Rc5 g4 59. Rc1 Kg3 60. Kg1 Rg2+ 61. Kh1 Rh2+ 62. Kg1 f2+ 0-1

[Event "Bayamo Cespedes Memorial-D"]
[Site "Bayamo"]
[Date "2017.03.04"]
[Round "5.2"]
[White "Moreno del Pozo, Orlando"]
[Black "Rodriguez Turino, Ladislao"]
[Result "1/2-1/2"]
[WhiteElo "2232"]
[BlackElo "2229"]
[PlyCount "72"]
[EventDate "2017.03.01"]
[EventType "tourn"]
[EventRounds "10"]
[EventCountry "CUB"]
[SourceTitle "EXT 2023"]
[Source "ChessBase"]
[SourceDate "2022.10.05"]
[SourceVersion "1"]
[SourceVersionDate "2022.10.05"]
[SourceQuality "1"]

1. e4 e6 2. d3 d6 3. g3 Nf6 4. Bg2 Be7 5. Nc3 c5 6. Nh3 e5 7. 0-0 Nc6 8. Nd5 h5 9. Ng5 h4 10. c3 Be6 11. Be3 Nh7 12. Nxe6 fxe6 13. Nxe7 Qxe7 14. d4 0-0 15. dxc5 dxc5 16. Qg4 hxg3 17. hxg3 b6 18. Bh3 Rae8 19. Rfd1 Nf6 20. Qg6 Rd8 21. g4 Qf7 22. Qxf7+ Kxf7 23. f3 Nh7 24. Kf2 Kg6 25. Rxd8 Rxd8 26. Bf1 Ng5 27. Bc4 Rd6 28. Rh1 Nf7 29. Ke2 Na5 30. Bb5 Kf6 31. Rh5 Nc6 32. f4 exf4 33. Bxf4 e5 34. Rf5+ Ke7 35. Bxc6 Rxc6 36. Bg3 Rg6 1/2-1/2

[Event "Bayamo Cespedes Memorial-D"]
[Site "Bayamo"]
[Date "2017.03.02"]
[Round "3.3"]
[White "Moreno del Pozo, Orlando"]
[Black "Lavigne Lopez, Raul Leonardo"]
[Result "1-0"]
[WhiteElo "2232"]
[BlackElo "2177"]
[PlyCount "131"]
[EventDate "2017.03.01"]
[EventType "tourn"]
[EventRounds "10"]
[EventCountry "CUB"]
[SourceTitle "EXT 2023"]
[Source "ChessBase"]
[SourceDate "2022.10.05"]
[SourceVersion "1"]
[SourceVersionDate "2022.10.05"]
[SourceQuality "1"]

1. c4 e5 2. Nc3 Nc6 3. g3 g6 4. Bg2 Bg7 5. d3 d6 6. Rb1 Nf6 7. b4 a6 8. e3 0-0 9. Nge2 Ne7 10. e4 Be6 11. 0-0 Qd7 12. f4 Bh3 13. f5 Bxg2 14. Kxg2 gxf5 15. Bg5 c6 16. Qe1 h6 17. Bxf6 Bxf6 18. exf5 d5 19. Na4 Rad8 20. Nb6 Qc7 21. c5 Nc8 22. Na4 Rfe8 23. h4 Kh7 24. g4 Qe7 25. Rh1 Kg7 26. Ng3 Rg8 27. Qe3 Rh8 28. Rbf1 Rdg8 29. Kh3 Kf8 30. Qf3 Ke8 31. Nh5 Kd7 32. Re1 Qd8 33. Re2 Re8 34. Qg3 e4 35. dxe4 Be5 36. Qd3 d4 37. Nb2 f6 38. Nc4 Kc7 39. a4 Rh7 40. Rb2 Na7 41. Nd2 Kb8 42. Nf3 Ka8 43. Rd1 Rd7 44. Rbd2 Qe7 45. Qc4 Red8 46. Nxd4 a5 47. bxa5 Bb8 48. Nf3 Rxd2 49. Rxd2 Rxd2 50. Nxd2 Qe5 51. Nf3 Qa1 52. Ng3 Qa3 53. Kg2 Qe3 54. Qd4 Qb3 55. e5 fxe5 56. Nxe5 Qc2+ 57. Kh3 h5 58. gxh5 Nc8 59. f6 Qb3 60. h6 Qe6+ 61. Ng4 Qf7 62. Qf2 Ka7 63. h7 Qxh7 64. f7 Bxg3 65. Kxg3 Qd3+ 66. Qf3 1-0

[Event "Guillermo Garcia Memorial op 24th"]
[Site "Santa Clara"]
[Date "2015.06.03"]
[Round "1"]
[White "Moreno del Pozo, Orlando"]
[Black "Valderrama Quiceno, Esteban Alberto"]
[Result "0-1"]
[WhiteElo "2148"]
[BlackElo "2304"]
[PlyCount "52"]
[EventDate "2015.06.03"]
[EventType "swiss"]
[EventRounds "9"]
[EventCountry "CUB"]
[SourceTitle "CBM 167 Extra"]
[Source "ChessBase"]
[SourceDate "2015.09.14"]
[SourceVersion "1"]
[SourceVersionDate "2015.09.14"]
[SourceQuality "1"]

1. e4 d6 2. d4 Nf6 3. Nc3 g6 4. Be2 Bg7 5. Be3 c6 6. Qd2 b5 7. a3 0-0 8. f3 Nbd7 9. g4 Nb6 10. h4 a5 11. h5 b4 12. Nd1 Ba6 13. Bh6 Bxe2 14. Nxe2 Nc4 15. Qg5 Qd7 16. Ng3 Bxh6 17. Qxh6 e5 18. axb4 exd4 19. Nf5 Ne8 20. Nxd4 d5 21. exd5 Nc7 22. Kf2 Nxd5 23. Nc3 Nde3 24. Nce2 axb4 25. hxg6 fxg6 26. Rxa8 Nxg4+ 0-1

[Event "Guillermo Garcia Memorial-B 20th"]
[Site "Santa Clara"]
[Date "2011.06.03"]
[Round "13"]
[White "Moreno del Pozo, Orlando"]
[Black "Hernandez Rojas, Reinel"]
[Result "1-0"]
[WhiteElo "2147"]
[BlackElo "2078"]
[PlyCount "81"]
[EventDate "2011.05.23"]
[EventType "tourn"]
[EventRounds "14"]
[EventCountry "CUB"]
[SourceTitle "CBM 142 Extra"]
[Source "ChessBase"]
[SourceDate "2011.06.27"]
[SourceVersion "1"]
[SourceVersionDate "2011.06.27"]
[SourceQuality "1"]

1. d4 d5 2. c4 c6 3. Nc3 Nf6 4. Bg5 e6 5. e3 Nbd7 6. cxd5 cxd5 7. Bd3 a6 8. a4 Qb6 9. Qc2 Bb4 10. Nf3 h6 11. Bf4 Nb8 12. 0-0 Nc6 13. Ne5 Bd7 14. Qe2 Na5 15. Bg3 Rc8 16. Bh4 Bxc3 17. bxc3 Rxc3 18. Qf3 Nc6 19. Bxf6 Nxe5 20. Bxe5 Rxd3 21. Bxg7 Rg8 22. Qf6 Qb4 23. Qxh6 Bxa4 24. Qh7 Rxg7 25. Qxg7 Bb5 26. h4 Ra3 27. Rab1 Rb3 28. Rxb3 Qxb3 29. Rc1 Bc4 30. e4 Qb2 31. Qg8+ Ke7 32. Qg5+ f6 33. Qe3 Kf7 34. exd5 exd5 35. Re1 Qb5 36. Qe7+ Kg6 37. Re3 Qb1+ 38. Kh2 Qf5 39. Rg3+ Kh5 40. Qe8+ Kh6 41. Qf7 1-0

[Event "Guillermo Garcia Memorial-B 20th"]
[Site "Santa Clara"]
[Date "2011.05.27"]
[Round "6"]
[White "Hernandez Rojas, Reinel"]
[Black "Moreno del Pozo, Orlando"]
[Result "1-0"]
[WhiteElo "2078"]
[BlackElo "2147"]
[PlyCount "41"]
[EventDate "2011.05.23"]
[EventType "tourn"]
[EventRounds "14"]
[EventCountry "CUB"]
[SourceTitle "CBM 142 Extra"]
[Source "ChessBase"]
[SourceDate "2011.06.27"]
[SourceVersion "1"]
[SourceVersionDate "2011.06.27"]
[SourceQuality "1"]

1. e4 e5 2. Nf3 Nc6 3. d4 exd4 4. Nxd4 Nf6 5. Nxc6 bxc6 6. e5 Qe7 7. Qe2 Nd5 8. c4 Nb6 9. Nc3 Qe6 10. Bd2 a5 11. Qe4 Ba6 12. b3 Bc5 13. Bd3 h5 14. 0-0 h4 15. h3 Rh5 16. Rae1 Bb7 17. Qf3 Rh8 18. Bf5 Qe7 19. Ne4 Bb4 20. Bg5 Qf8 21. Nd6+ 1-0

[Event "Guillermo Garcia Memorial-B 20th"]
[Site "Santa Clara"]
[Date "2011.05.25"]
[Round "3"]
[White "Ochoa de la Rosa, Manuel Dario"]
[Black "Moreno del Pozo, Orlando"]
[Result "1-0"]
[WhiteElo "2149"]
[BlackElo "2147"]
[PlyCount "77"]
[EventDate "2011.05.23"]
[EventType "tourn"]
[EventRounds "14"]
[EventCountry "CUB"]
[SourceTitle "CBM 142 Extra"]
[Source "ChessBase"]
[SourceDate "2011.06.27"]
[SourceVersion "1"]
[SourceVersionDate "2011.06.27"]
[SourceQuality "1"]

1. d4 Nf6 2. c4 g6 3. Nc3 Bg7 4. e4 d6 5. Be2 0-0 6. Nf3 Nbd7 7. 0-0 e5 8. Qc2 c6 9. Rd1 Re8 10. Be3 Qe7 11. d5 c5 12. a3 Nf8 13. b4 b6 14. bxc5 bxc5 15. Nd2 Ng4 16. Bxg4 Bxg4 17. f3 Bc8 18. Nb3 f5 19. Nb5 f4 20. Bxc5 dxc5 21. d6 Qd8 22. Nc7 Bd7 23. Nxc5 Rc8 24. Nb7 Qf6 25. Nxe8 Bxe8 26. c5 Bd7 27. Na5 Ne6 28. c6 Kh8 29. Qa4 Rxc6 30. Nxc6 Nd4 31. Rac1 Bf8 32. Rxd4 exd4 33. e5 Qf5 34. Qxd4 Bg7 35. Qe4 Qe6 36. Nd8 Qe8 37. e6 Qxd8 38. exd7 Qxd7 39. Qa8+ 1-0

[Event "Guillermo Garcia Memorial-B 20th"]
[Site "Santa Clara"]
[Date "2011.05.24"]
[Round "2"]
[White "Moreno del Pozo, Orlando"]
[Black "De la Torre Sanchez, Adrian"]
[Result "1/2-1/2"]
[WhiteElo "2147"]
[BlackElo "2080"]
[PlyCount "149"]
[EventDate "2011.05.23"]
[EventType "tourn"]
[EventRounds "14"]
[EventCountry "CUB"]
[SourceTitle "CBM 142 Extra"]
[Source "ChessBase"]
[SourceDate "2011.06.27"]
[SourceVersion "1"]
[SourceVersionDate "2011.06.27"]
[SourceQuality "1"]

1. e4 c5 2. Nf3 d6 3. d4 cxd4 4. Nxd4 Nf6 5. Nc3 g6 6. f4 Nc6 7. Be3 Bg7 8. Qd2 0-0 9. 0-0-0 Bd7 10. h3 Re8 11. Nf3 Qa5 12. Kb1 Be6 13. Ng5 Rad8 14. Nxe6 fxe6 15. Bc4 d5 16. exd5 Qb4 17. Bb3 Na5 18. Qd4 Qxd4 19. Bxd4 Nxb3 20. axb3 Nxd5 21. Nxd5 Bxd4 22. Nc7 Bc5 23. Nxe8 Rxe8 24. Rhe1 Kf7 25. Re4 Bd6 26. g3 Rg8 27. Rf1 h5 28. c4 Bc5 29. Kc2 a5 30. Kd3 Bb4 31. Rf2 Rc8 32. g4 hxg4 33. hxg4 Rh8 34. Ke2 Rh3 35. Rf3 Rh2+ 36. Kf1 Rxb2 37. Re2 Rb1+ 38. Kg2 Bc5 39. Kg3 Bd6 40. Kh4 Kf6 41. Rh2 Rg1 42. Kh3 g5 43. fxg5+ Kxg5 44. Re2 Rh1+ 45. Kg2 Rh2+ 46. Kf1 Rh1+ 47. Kf2 Kxg4 48. Re4+ Kg5 49. Rxe6 Rh2+ 50. Ke3 b6 51. Ke4 Rd2 52. Ke3 Rd1 53. Ke2 Rb1 54. Kd2 Ra1 55. Kc2 Ra2+ 56. Kd3 a4 57. bxa4 Rxa4 58. Re1 Bc5 59. Re2 Ra3+ 60. Ke4 Rxf3 61. Kxf3 Kf5 62. Re4 e5 63. Rh4 Bd4 64. Rh5+ Ke6 65. Ke4 Kd6 66. Rh8 Kc6 67. Rb8 Kc7 68. Ra8 Kc6 69. Kd3 b5 70. Ra6+ Kc5 71. Ra5 e4+ 72. Kxe4 Kxc4 73. Ra8 Bc3 74. Rb8 b4 75. Rxb4+ 1/2-1/2

[Event "Villa Clara Province-ch final"]
[Site "Santa Clara"]
[Date "2010.10.12"]
[Round "5"]
[White "Moreno del Pozo, Orlando"]
[Black "Miranda Mesa, Elier"]
[Result "0-1"]
[WhiteElo "2192"]
[BlackElo "2311"]
[PlyCount "104"]
[EventDate "2010.10.06"]
[EventType "tourn"]
[EventRounds "11"]
[EventCountry "CUB"]
[EventCategory "2"]
[SourceTitle "EXT 2019"]
[Source "ChessBase"]
[SourceDate "2018.10.10"]
[SourceVersion "1"]
[SourceVersionDate "2018.10.10"]
[SourceQuality "1"]

1. e4 c5 2. Nf3 e6 3. d3 Nc6 4. g3 g6 5. Bg2 Bg7 6. 0-0 Nge7 7. c3 e5 8. Be3 d6 9. Qd2 h6 10. d4 b6 11. Na3 Bg4 12. dxc5 dxc5 13. Qc1 g5 14. Rd1 Qc8 15. Nc4 0-0 16. h4 f6 17. Rd2 Qe6 18. b3 Rad8 19. Qf1 Rxd2 20. Bxd2 Rd8 21. Be3 Qd7 22. hxg5 fxg5 23. Nh2 Be6 24. Nb2 Ng6 25. Qe2 Qf7 26. Qh5 Nge7 27. Qe2 Ng6 28. Bf3 Qe7 29. Kg2 Bf7 30. Rh1 Nf8 31. Bc1 Nh7 32. Nf1 Nf6 33. Ne3 Bg6 34. Ng4 Nxg4 35. Bxg4 Rf8 36. Qc4+ Bf7 37. Qd3 Qf6 38. Qf3 Qxf3+ 39. Bxf3 Rd8 40. Be2 Be6 41. Nc4 b5 42. Ne3 b4 43. c4 Nd4 44. Bg4 Kf7 45. Bxe6+ Kxe6 46. Ng4 Rh8 47. Bb2 a5 48. Ne3 a4 49. Bxd4 cxd4 50. Nd5 Rb8 51. c5 Rc8 52. Rc1 d3 0-1